Retrouve les chansons de Julien Doré - Statistiques

Statistiques générales
  • Ce quiz a été pris 28 fois
  • Le résultat moyen est 11 sur 21
Answers on the Grid
Answers color-coded by a green-red scale on the quiz's grid according to % correct below.
Scarface
Laisse avril
Barracuda I
Sublime & Silence
Midi sur novembre
Coco câline
Paris-Seychelles
Les Limites
Jacques a dit
Waf
Belle demoiselle
On attendra l'hiver
La voix des sages (No more fighting)
L'Été Summer
Nous
Le Lac
J'en rêve encore
Pour un infidèle
Figures imposées
Sensualité
La Fièvre
Porto-Vecchio
Kiki
Chou wasabi
Maxou
Kiss Me Forever
Larme fatale
Sur un prélude de Bach
Les Bords de mer
Laissons entrer le soleil
 
Statistiques - réponses
Réponse % Correct
Paris-Seychelles
96%
Le Lac
92%
Coco câline
84%
Porto-Vecchio
84%
Chou wasabi
80%
Kiss Me Forever
72%
Les Limites
68%
Sublime & Silence
64%
Midi sur novembre
56%
Nous
56%
Kiki
44%
Figures imposées
40%
Pour un infidèle
40%
Waf
40%
Barracuda I
36%
Les Bords de mer
36%
Larme fatale
32%
L'Été Summer
32%
On attendra l'hiver
32%
La Fièvre
28%
Laisse avril
24%
Aucun quiz correspondant
Distribution des résultats
% des personnes avec chaque résultat
Percentile par nombre de réponses
Votre historique - résultats
Vous n’avez pas pris ce quiz